LEGAL RESEARCH METHODOLOGY (Record no. 25768)

MARC details
000 -LEADER
fixed length control field 00306nam a22001337a 4500
003 - CONTROL NUMBER IDENTIFIER
control field SGT
020 ## - INTERNATIONAL STANDARD BOOK NUMBER
International Standard Book Number 9788189530976
082 ## - DEWEY DECIMAL CLASSIFICATION NUMBER
Classification number 340.072
Item number TEW
100 ## - MAIN ENTRY--PERSONAL NAME
Personal name TEWARI H.N
245 ## - TITLE STATEMENT
Title LEGAL RESEARCH METHODOLOGY
260 ## - PUBLICATION, DISTRIBUTION, ETC. (IMPRINT)
Place of publication, distribution, etc FARIDABAD
Name of publisher, distributor, etc ALLAHABAD LAW AGENCY
Year of Publication 2019
300 ## - PAGE DESCRIPTION
No. of Pages 264
942 ## - ADDED ENTRY ELEMENTS (KOHA)
Source of classification or shelving scheme Dewey Decimal Classification
Koha item type Books
942 ## - ADDED ENTRY ELEMENTS (KOHA)
-- 12
Holdings
Withdrawn status Lost status Source of classification or shelving scheme Damaged status Not for loan Collection code Home library Current library Shelving location Date acquired Vendor Name Cost, normal purchase price SGTU Bill Number Full call number Accession No. (Barcode) Date last seen Bill Date Koha item type Total Checkouts Date last borrowed
    Dewey Decimal Classification   Not For Loan LAW SGT Science & Social Sciences Library SGT Science & Social Sciences Library Reference Book 27/02/2024 COMMERCIAL BOOK HOUSE 285.00 SGTU 2075 340.072 TEW FL3397 27/02/2024 06/02/2024 Books    
    Dewey Decimal Classification     LAW SGT Science & Social Sciences Library SGT Science & Social Sciences Library Text Book 27/02/2024 COMMERCIAL BOOK HOUSE 285.00 SGTU 2075 340.072 TEW FL3398 17/02/2026 06/02/2024 Books 5 04/02/2026
    Dewey Decimal Classification     LAW SGT Science & Social Sciences Library SGT Science & Social Sciences Library Text Book 27/02/2024 COMMERCIAL BOOK HOUSE 285.00 SGTU 2075 340.072 TEW FL3399 09/11/2024 06/02/2024 Books 3 22/10/2024
    Dewey Decimal Classification     LAW SGT Science & Social Sciences Library SGT Science & Social Sciences Library Text Book 27/02/2024 COMMERCIAL BOOK HOUSE 285.00 SGTU 2075 340.072 TEW FL3400 20/01/2025 06/02/2024 Books 5 13/01/2025